Conferencia internacional radiotelegráfica de Londres (Record no. 107907)

MARC details
000 -LEADER
campo de control de longitud fija 00653nam a2200181 i 4500
001 - NÚMERO DE CONTROL
campo de control 107907
003 - IDENTIFICADOR DE NÚMERO DE CONTROL
campo de control ES-MaACL
005 - FECHA Y HORA DE LA ÚLTIMA TRANSACCIÓN
campo de control 20250831125236.0
007 - CAMPO FIJO DE DESCRIPCIÓN FÍSICA--INFORMACIÓN GENERAL
campo de control de longitud fija t|
008 - DATOS DE LONGITUD FIJA--INFORMACIÓN GENERAL
campo de control de longitud fija 180111s1912 sp r ||||1| spa d
245 00 - MENCIÓN DEL TÍTULO
Título Conferencia internacional radiotelegráfica de Londres
Resto del título : relación de sus acuerdos /
Mención de responsabilidad, etc. por J. G. R.
260 ## - PUBLICACIÓN, DISTRIBUCIÓN, ETC.
Lugar de publicación, distribución, etc. Madrid :
Nombre del editor, distribuidor, etc. [s.n.],
Fecha de publicación, distribución, etc. 1912 (
Fabricante Impr. del "Memorial de Ingenieros del Ejército")
300 ## - DESCRIPCIÓN FÍSICA
Extensión 53 p. ;
Dimensiones 27 cm.
650 #4 - PUNTO DE ACCESO ADICIONAL DE MATERIA--TÉRMINO DE MATERIA
Término de materia o nombre geográfico como elemento de entrada Telégrafo-
Subdivisión de forma Congresos y asambleas.
9 (RLIN) 164030
711 2# - ENTRADA AGREGADA--NOMBRE DE REUNIÓN
Nombre de congreso/reunión o jurisdicción como elemento de entrada Conferencia Radiotelegráfica Internacional
Fecha del congreso o de la firma del tratado (1912.
Sede del congreso/Lugar de la reunión Londres)
9 (RLIN) 164029
852 ## - LOCALIZACIÓN
Ubicación ES-MaACL
Número de control de estantería 1500-F-6
Holdings
Estatus retirado Estado de pérdida Estado de daño No para préstamo Colección Biblioteca de origen Biblioteca actual Ubicación en estantería Fecha de adquisición Fuente de adquisición Total de préstamos Signatura topográfica completa Código de barras Visto por última vez Precio de reemplazo Tipo de ítem Koha
        Colección de folletos Biblioteca del Ateneo de Madrid Biblioteca del Ateneo de Madrid Depósito folletos 11/01/2018     1500-F-6 1198243 23/02/2023 23/02/2023 Folleto